000 00601nam a2200181Ia 4500
003 GCL
008 140319s9999 xx 000 0 ara d
040 _aGCL /
_cGCL
082 0 4 _aم
_b010.28
_bم د
100 1 _aالمكتبة التجارية
245 1 0 _aدفتر المكتبة الصادقية /
_cالمكتبة التجارية
490 _aدائرة المعارف الصغرى للتلوين
_v0
650 0 4 _aالفهارس
650 0 4 _aالكتب - فهارس
650 0 4 _aالمكتبة الصادقية
650 0 4 _aفهرس المكتبة الصادقية
942 _2ddc
_cREF
999 _c59705
_d59705